Quizzes
Events
Quiz Creation
Community
Videos
Private Events
Remove Ads
Sign In
Join for FREE
Feedback
Dark Mode
Quiz Categories
Sports
Geography
Music
Movies
Television
Just For Fun
Miscellaneous
History
Literature
Language
Science
Gaming
Entertainment
Religion
Holiday
For Kids
Quiz Lab
Recent
Popular Today
Quiz Kudos Today
Editor Picks
Curator Picks
Quizzes by...
Day
Popularity
Type
Ratings
Length
Year
Community
Subscriptions
Recent Discussions
Orange Saloon
Badges
Playlists
Quests
Create
Leaderboards
Showdown
Live 5
Trivia Bingo
Activity
Puzzle Library
Sporcle Events
Private Events
Virtual Trivia
Globe League
Become a Host
Pub Owners
SporcleCon
Opinionation
Our Games
Videos
Blog
Mobile Apps
Partnerships
Remove Ads and Go Orange
Feedback
Sports
Athletes
MLB
NBA
NHL
NFL
Soccer
Sports Teams
WWE
NCAA
Football
Premier League
Basketball
Baseball
Hockey
Golf
Tennis
Cricket
Rugby
Auto Racing
Olympics
World Cup
Sports
Athletes
MLB
NBA
NHL
NFL
Soccer
Sports Teams
WWE
NCAA
Football
Premier League
Basketball
Baseball
Hockey
Golf
Tennis
Cricket
Rugby
Auto Racing
Olympics
World Cup
Random Quiz
Search Sporcle
×
Quiz Lab
Quiz Lab
Sports
Premier League
Type in answers that appear in a list
Type in answers that appear in a list
Classic
Best Score? Go Orange.
Premier League Squad Numbers 1-11 2000/2001 season Stats
Can you name the Premier League squad numbers 1-11 1999/2000 season
By
cmars
20m
200 Questions
258 Plays
258 Plays
258 Plays
Comments
Comments
Give Quiz Kudos
Give Quiz Kudos
-
- Ratings
hide this ad
Replay
Link that replays current quiz
Next Quiz
Link to next quiz in quiz playlist
You Got
0%
They Got
Avg Score
41%
Avg Friend Score
Upgrade to see
Score Distribution
Jump to the score distribution portion of the page
Score
0/200
Timer
20:00
0
Plays Today
Team
Answer
% Correct
Arsenal
David Seaman
95.7%
Manchester United
Andy Cole
93.8%
Arsenal
Lee Dixon
90.7%
Arsenal
Tony Adams
89.5%
Arsenal
Dennis Bergkamp
89.5%
Manchester United
David Beckham
86.8%
Manchester United
Gary Neville
85.7%
Arsenal
Martin Keown
83.7%
Arsenal
Robert Pires
83.7%
Liverpool
Robbie Fowler
82.9%
Manchester United
Teddy Sheringham
82.2%
Manchester United
Ryan Giggs
81.8%
Arsenal
Patrick Vieira
81.4%
Liverpool
Michael Owen
81.4%
Manchester United
Denis Irwin
80.2%
Manchester United
Fabien Barthez
79.8%
Arsenal
Fredrik Ljungberg
79.5%
Aston Villa
Alan Wright
79.5%
Ipswich Town
Richard Wright
79.5%
Manchester United
Nicky Butt
79.1%
Tottenham
Les Ferdinand
77.9%
Newcastle
Alan Shearer
77.1%
Leeds United
Mark Viduka
76.7%
Liverpool
Emile Heskey
76.4%
Leeds United
Nigel Martyn
74.8%
Leeds United
Harry Kewell
74.4%
Chelsea
Ed de Goey
73.6%
Tottenham
Sol Campbell
73.3%
Everton
Kevin Campbell
72.9%
Aston Villa
David James
71.7%
Arsenal
Sylvain Wiltord
71.3%
Leeds United
Robbie Keane
70.9%
Sunderland
Kevin Phillips
70.9%
Everton
Paul Gerrard
70.2%
Aston Villa
Dion Dublin
69.4%
Manchester United
Ronny Johnsen
69.4%
Leeds United
Ian Harte
69%
Newcastle
Shay Given
69%
Chelsea
Marcel Desailly
68.6%
Leeds United
Gary Kelly
68.2%
Liverpool
Sander Westerveld
68.2%
Leicester City
Matt Jones
67.8%
Southampton
Paul Jones
67.8%
Sunderland
Niall Quinn
66.3%
Chelsea
Jimmy Floyd Hasselbaink
65.5%
Chelsea
Dennis Wise
65.1%
Leeds United
Lee Bowyer
65.1%
Tottenham
Ian Walker
64.3%
Leeds United
Lucas Radabe
63.6%
Southampton
Matthew Le Tissier
63.2%
Tottenham
Steve Carr
63.2%
Aston Villa
Gareth Southgate
62.4%
Derby County
Seth Johnson
62%
Manchester United
David May
60.9%
Aston Villa
Ian Taylor
59.7%
Liverpool
Stephane Henchoz
58.1%
Ipswich Town
Marcus Stewart
57%
Middlesbrough
Mark Schwarzer
56.6%
Chelsea
Franck LeBoeuf
55%
Chelsea
Celestine Babayaro
54.7%
Chelsea
Gustavo Poyet
54.7%
Leicester City
Muzzy Izzet
54.7%
Tottenham
Darren Anderton
54.7%
Derby County
Mart Poom
52.7%
West Ham
Paolo Di Canio
51.6%
Liverpool
Vladimir Smicer
51.2%
Newcastle
Kieron Dyer
51.2%
Team
Answer
% Correct
Ipswich Town
Matt Holland
50.8%
Leeds United
Jonathan Woodgate
50.4%
Newcastle
Warren Barton
50%
Leicester City
Frank Sinclair
49.6%
Newcastle
Robert Lee
49.6%
West Ham
Trevor Sinclair
49.6%
Aston Villa
Paul Merson
49.2%
Charlton Athletic
Dean Kiely
49.2%
West Ham
Shaka Hislop
48.8%
Liverpool
Markus Babbel
48.4%
Everton
Stephen Hughes
48.1%
Newcastle
Gary Speed
48.1%
Everton
David Unsworth
46.9%
Leicester City
Robbie Savage
46.9%
Leicester City
Tim Flowers
46.5%
Leeds United
Oliver Dacourt
46.1%
Everton
Steve Watson
45.3%
Manchester City
Shaun Goater
45%
Coventry City
Magnus Hedman
43.8%
Manchester City
Nick Weaver
43.8%
Bradford City
David Wetherall
43.4%
Everton
David Weir
43.4%
Charlton Athletic
Chris Powell
43%
Charlton Athletic
John Robinson
43%
Derby County
Darryl Powell
43%
Middlesbrough
Paul Ince
43%
Bradford City
Gary Walsh
41.9%
Leeds United
Michael Bridges
40.7%
Southampton
Kevin Davies
40.7%
Bradford City
Benito Carbone
40.3%
Sunderland
Michael Gray
40.3%
Middlesbrough
Gary Pallister
38.4%
Aston Villa
Juan Pablo Angel
38%
Tottenham
Steffen Iversen
38%
West Ham
Stuart Pearce
36.8%
Leicester City
Steve Guppy
36.4%
Tottenham
Tim Sherwood
35.7%
Charlton Athletic
Richard Rufus
35.3%
Southampton
Jason Dodd
35.3%
Aston Villa
Steve Staunton
34.9%
Charlton Athletic
Clive Mendonca
34.1%
Manchester City
Paul Dickov
34.1%
Aston Villa
Mark Delaney
33.7%
Coventry City
Richard Shaw
32.9%
Charlton Athletic
Graham Stuart
31.8%
Liverpool
Christian Ziege
31.8%
Southampton
Claus Lundekvam
31.8%
Derby County
Lee Morris
31.4%
Southampton
Dean Richards
31.4%
Bradford City
Stuart McCall
30.6%
Coventry City
John Hartson
30.6%
Coventry City
Paul Williams
30.2%
Aston Villa
George Boateng
29.5%
Coventry City
David Thompson
28.7%
Bradford City
Ashley Ward
28.3%
Charlton Athletic
Mark Kinsella
28.3%
Sunderland
Kevin Kilbane
28.3%
Tottenham
Steffen Freund
28.3%
West Ham
Steve Lomas
28.3%
Newcastle
Andy O'Brien
27.9%
Coventry City
Mustapha Hadji
27.1%
Arsenal
Igors Stepanovs
26.7%
Bradford City
Jamie Lawrence
26.7%
Southampton
Mark Draper
26.4%
Everton
Alessandro Pistone
26%
Middlesbrough
Alen Boksic
25.2%
Middlesbrough
Brian Deane
24.4%
Team
Answer
% Correct
Tottenham
Chris Perry
24.4%
Ipswich Town
James Scowcroft
24%
Tottenham
Mauricio Taricco
24%
Ipswich Town
Jim Magilton
23.3%
Middlesbrough
Robbie Mustoe
23.3%
Sunderland
Gavin McCann
23.3%
West Ham
Igor Stimac
23.3%
Derby County
Deon Burton
22.9%
Ipswich Town
Mark Venus
22.9%
Southampton
Matt Oakley
22.9%
Chelsea
Winston Bogarde
21.7%
Derby County
Georgiou Kinkladze
21.7%
Everton
Mark Pembridge
21.7%
Southampton
Chris Marsden
21.7%
Everton
Niclas Alexandersson
21.3%
Ipswich Town
Fabian Wilnis
21.3%
Tottenham
Sergej Rebrov
21.3%
West Ham
Steve Potts
21.3%
Derby County
Rory Delap
20.9%
West Ham
Christian Dailly
20.5%
Bradford City
Ian Nolan
19.8%
Charlton Athletic
Shaun Newton
19.8%
Ipswich Town
Jamie Clapham
19.8%
Middlesbrough
Dean Gordon
19.8%
Sunderland
Thomas Sorensen
19.4%
Bradford City
Robbie Blake
19%
Leicester City
Gerry Taggart
19%
West Ham
Gary Charles
19%
Manchester City
Andy Morrison
18.6%
Manchester City
Kevin Horlock
18.6%
Middlesbrough
Gianluca Festa
18.6%
Charlton Athletic
Andy Hunt
18.2%
Charlton Athletic
Radostin Kishishev
17.4%
Coventry City
Youssef Chippo
17.4%
Derby County
Horacio Carbonari
17.4%
Everton
Richard Gough
17.1%
Manchester United
Jaap Stam
17.1%
Derby County
Brian O'Neil
15.9%
Ipswich Town
John McGreal
15.5%
Leicester City
Gary Rowett
15.5%
Manchester City
Gerard Wiekens
15.5%
Middlesbrough
Curtis Fleming
15.5%
Middlesbrough
Steve Vickers
15.5%
Manchester City
Richard Edghill
15.1%
Newcastle
Clarence Acuna
14.3%
Newcastle
Christian Bassedas
14.3%
Manchester City
Spencer Prior
13.6%
West Ham
Davor Suker
13.6%
Chelsea
Slavisa Jokanovic
12.8%
Coventry City
Marc Edworthy
12.4%
Everton
Alex Nyarko
12.4%
Derby County
Craig Burley
12%
Ipswich Town
Tony Mowbray
12%
Bradford City
Andy Myers
11.6%
Leicester City
Darren Eadie
11.2%
Southampton
Uwe Rosler
10.9%
Coventry City
Steve Froggatt
10.1%
West Ham
Hayden Foxe
9.3%
Newcastle
Elena Marcelino
8.5%
Bradford City
Gareth Whalley
8.1%
Middlesbrough
Christian Karembeu
7.8%
Liverpool
Jamie Redknapp
7%
Sunderland
Don Hutchison
7%
Coventry City
Ysrael Zuniga
6.6%
Manchester City
Terry Cooke
6.6%
Sunderland
Patrice Carteron
6.2%
Quiz Playlist
Details
Report
Send in Message
Add To Playlist
Classic:
Type in answers that appear in a list
Last Updated: Feb 16, 2017
Quiz Scoreboard
CHALLENGE
Sign Up to Join the Scoreboard
Show All
Scores
Hide
Comments
May contain spoilers
Recently Published
Billboard Blitz: Fleetwood Mac
by CooCooCachoo
Music
15s
Presidents Visiting Landmarks
by Hejman
History
7m
An Introduction to Baseball
by treessimontrees
Sports
5m
More to Explore
Quiz From the Vault
Featured Blog Post
Where Did the Easter Bunny Come From?
hide this ad
You Might Also Like...
Tags
Premier League Quiz
1999
2000
2001
League
Premier
season
Squad
team
Today's Top Quizzes in Sports
Browse Sports
hide this ad
Today's Top Quizzes in Premier League
Browse Premier League
Top Contributed Quizzes in Sports
1
Les meilleurs buteurs des matchs entre le PSG et l’OM
2
2022 World Cup Stars
3
FIFA Club World Cup Champions
4
Les entraîneurs de l'OM et du PSG au 21e siècle
5
Name the Premier League winners with different clubs
6
5-to-1: UK Sports Teams
7
La finale Lions - Afrique du Sud 2021
8
Criteria MLB: Left Handed Sluggers
9
AFC Teams Reveal (Wrong Answers Minefield)
10
England Test cricketers to play under Nasser Hussain
Explore More
Trending Topics
Anime
Kpop
NBA
Marvel
Harry Potter
Disney
Crossword
Soccer
Song
Puzzle
Country
WWE
NFL
The Office
Pokémon
hide this ad
More By:
cmars
Quiz
Plays
Rating
Category
Featured
Created
Premier League Squad Numbers 1- 11 95/96
262
Sports
Jan 26, 2015
Premier League Squad Numbers 1-11 2000/2001 season
258
3.67
Sports
Jan 29, 2015
Premier League Squad Numbers 1-11 1993/4
246
5.00
Sports
Jul 7, 2013
Premier League Squad Numbers 1-11 94/95 season
199
5.00
Sports
Jan 30, 2015
Premier League Goalkeepers 1994/5
120
4.33
Sports
Jul 2, 2013
Go to Creator's Profile
Score Distribution
Quiz Creator Spotlight
cmars
Follow
Send a Message
Quizzes Created
-
Created Quiz Play Count
-
More By This Creator
Popular Quizzes Today
1
Find the US States - No Outlines Minefield
2
Find the Countries of Europe - No Outlines Minefield
3
The Countries of the World
4
Find the US States
5
US States
6
Popular People in 1961
7
Risky Map Clicking: Biggest States A-Z
8
Movies - When Are They Set?
More Sports Quizzes
UEFA Associations by National Champions
Quiz Lab
Trending Quizzes
Risky Map Clicking: Least Populous States A-Z
1-10 Letter G Words
1-10 Letter F Words
Risky Map Clicking: Next State Alphabetically
Risky Map Clicking: Biggest States A-Z
Recently Updated
Leaping Animals
pecheneg
Reality TV Shows (A-Z)
bhenderson79
Rickey Henderson's Hall of Fame Teammates
pecheneg
Champions League XIs: Arsenal
pecheneg
Quick Pick: Celebrities in WWE's Hall of Fame
aduchscher
A-Z Keypad Blitz II
pecheneg
Multiple Oscar Actors
pecheneg
Mystery Phrase Blitz: Oscar 'Best Actors'
pecheneg
F. Scott Fitzgerald Novels
LTH
Pick 3 Villains
ddd62291
Trending Topics
Crossword
Harry Potter
NBA
Anime
Marvel
Kpop
Disney
Country
The Office
WWE
Song
Puzzle
Soccer
Pokémon
NFL
Your Account Isn't Verified!
In order to create a playlist on Sporcle, you need to verify the email address you used during registration. Go to your
Sporcle Settings
to finish the process.
Report this User
Report this user for behavior that violates our
Community Guidelines
.
Details:
Send Report
Go to the Sporcle.com Mobile Site →
Comments